CUPIDOxX - Juseph, La Pantera, Lucho RK - Estadísticas

Estadísticas generales
  • Esta prueba ha sido intentada 75 veces
  • La puntuación promedio es 470 de 710
Estadísticas de respuestas
Letra % Correcto
a
100%
A
100%
h
94%
la
94%
La
94%
y
94%
Y
94%
o
91%
pa
91%
Pa
91%
se
91%
Se
91%
Yo
91%
yo
91%
D
89%
e
89%
E
89%
me
89%
Me
89%
si
89%
89%
Si
89%
89%
te
89%
Te
89%
va
89%
Cupido
86%
el
86%
El
86%
le
86%
Le
86%
lo
86%
86%
Ma
86%
Tu
86%
tu
86%
86%
de
83%
83%
en
83%
hago
83%
más
83%
Que
83%
que
83%
qué
83%
al
80%
como
80%
es
80%
80%
mi
80%
Mi
80%
Por
80%
por
80%
Ro
80%
amor
77%
babie
77%
Baby
77%
baby
77%
Da
77%
da
77%
enamorar
77%
gasta
77%
JU
77%
las
77%
los
77%
nadie
77%
to
77%
bicho
74%
dinero
74%
disco
74%
disparo
74%
no
74%
No
74%
palo
74%
tengo
74%
un
74%
una
74%
alguno
71%
con
71%
Con
71%
disfraza
71%
gusano
71%
he
71%
quiere
71%
ven
71%
40
69%
bala
69%
bichotas
69%
dan
69%
eres
69%
esta
69%
está
69%
hoy
69%
Karol
69%
soy
69%
100
66%
bad
66%
Bad
66%
Call
66%
caro
66%
linda
66%
llevo
66%
mira
66%
Pero
66%
pero
66%
Tumbé
66%
veinte
66%
alto
63%
aro
63%
dicen
63%
Duty
63%
enfermo
63%
esto
63%
estoy
63%
follan
63%
Fue
63%
gemir
63%
infarto
63%
mujer
63%
ni
63%
Ni
63%
of
63%
Quiero
63%
Rasta
63%
tiempo
63%
tiramisú
63%
todos
63%
Aquí
60%
Bajaron
60%
bajo
60%
boca
60%
boys
60%
cachondo
60%
café
60%
campea
60%
empezó
60%
eso
60%
guaro
60%
kilo
60%
Llegaron
60%
mejor
60%
totito
60%
vino
60%
bajen
57%
bendecí
57%
chupa
57%
correa
57%
Desayuno
57%
juego
57%
mejorarlo
57%
pinga
57%
pongo
57%
puse
57%
Ropa
57%
ataúd
54%
chimenea
54%
decirle
54%
fuck
54%
Lucho
54%
mala
54%
mechero
54%
mutea
54%
prendé
54%
prender
54%
puso
54%
Repetiría
54%
subir
54%
tóxico
54%
voy
54%
YouTube
54%
Dame
51%
diera
51%
foto
51%
hembra
51%
km
51%
mai
51%
What
51%
1000
49%
comí
49%
contigo
49%
dije
49%
entramo
49%
gritar
49%
hija
49%
mía
49%
motora
49%
mundo
49%
nena
49%
pai
49%
quería
49%
rico
49%
sea
49%
the
49%
yeah
49%
bien
46%
culo
46%
Les
46%
novio
46%
rapero
46%
sepa
46%
siempre
46%
vine
46%
Yoda
46%
Ando
43%
Dalla
43%
Eh
43%
eh
43%
Entro
43%
esa
43%
gare
43%
jugar
43%
juguete
43%
loop
43%
meto
43%
mío
43%
modas
43%
mucho
43%
Piston
43%
rompe
43%
temblar
43%
toda
43%
ves
43%
120
40%
ahora
40%
aunque
40%
Bendita
40%
frío
40%
maldición
40%
Mami
40%
mami
40%
mete
40%
pase
40%
plane
40%
tolete
40%
toticardia
40%
truncaran
40%
bofetá
37%
cabra
37%
concurso
37%
efecto
37%
garete
37%
nos
37%
pare
37%
pista
37%
silence
37%
solo
37%
Solo
37%
Toma
37%
canaria
34%
combo
34%
estás
34%
fuerte
34%
fuimo
34%
glamour
34%
malo
34%
pongan
34%
siento
34%
sirve
34%
suerte
34%
anda
31%
brother
31%
calientes
31%
father
31%
Hector
31%
Je
31%
Mister
31%
parece
31%
pistola
31%
Tiene
31%
Angelo
29%
busca
29%
chain
29%
chamaco
29%
Russell
29%
también
29%
tola
29%
Brr
26%
dar
26%
estemo
26%
Olympia
26%
otra
26%
repleto
26%
sale
26%
salgo
26%
simultánea
26%
uy
26%
dando
23%
Ji
23%
ji
23%
prr
23%
Ya
23%
área
20%
Así
20%
bitch
20%
canario
20%
corillo
20%
grasa
20%
joda
20%
latina
20%
malean
20%
Oh
20%
puede
20%
vamo
20%
Wembañema
20%
bae
17%
banda
17%
Banda
17%
Baron
17%
calle
17%
cogiendo
17%
cuero
17%
Desde
17%
Funde
17%
tíramelas
17%
bobo
14%
boda
14%
buscando
14%
chiquillaje
14%
formar
14%
godo
14%
gustan
14%
hollow
14%
lindo
14%
meno
14%
normal
14%
probó
14%
todas
14%
vueltas
14%
anden
11%
encuentro
11%
flecha
11%
puta
11%
Smith
11%
mmm
9%
Pantery
9%
rulay
9%
suelto
9%
Toy
9%
Wesson
9%
Headshot
6%
sheesh
6%
еl
0%
mujеr
0%
No se encontraron pruebas coincidentes
Distribución de puntuación
Porcentaje de gente con cada puntuación
Porcentaje por número respondido
Historial de tus puntuaciones
No has intentado esta prueba.